000 00749nam a2200205 a 4500
001 BRCA_2567
005 20190320203853.0
008 271108s1909----gw-a---###---#000-0#ger-#
050 4 _aNK4499
_b.H64 1909
100 1 _aHoftman, Friedrich H.
_97342
245 1 0 _aAltes Bayerisches Porzellan
_bAustellung im Studiengebäude des Bayerischen Nationalmuseums in München: veranstaltet vom Bayer...
_cbearbeitet von Friedrich H. Hoftmann.
260 _aMunchen
_bBayerischen Nationalmuseums
_c1909
300 _a276 p.
_bil,. 25 láminas
_c20 cm.
500 _aA40
650 1 4 _aGalerias y Museos
_zAlemania
_95059
650 1 4 _aPorcelana
_zBavaria, Alemania
_97343
710 2 _aBayerisches Nationalmusem (Munich)
_97344
902 _aGFM
942 _2lcc
_cB
999 _c2307
_d2307